El apando /

José Revueltas (1914-1976) escritor y político mexicano nacido en Santiago Papasquiaro, Durango, hermano de Silvestre y Fermín. Militante en varias agrupaciones de la izquierda mexicana y participante en el movimiento estudiantil de 1968, fue miembro del Partido Comunista Mexicano (del que fue expul...

Celý popis

Uloženo v:
Podrobná bibliografie
Hlavní autor: Revueltas, José (autor)
Médium: Kniha
Jazyk:španělština
Vydáno: México : Era, 1978, c1969
Edice:(Obras Completas de José Revueltas ; 7)
Témata:
Tagy: Přidat tag
Žádné tagy, Buďte první, kdo vytvoří štítek k tomuto záznamu!

MARC

LEADER 00000nam^a2200000^a^4500
001 000183771
005 20250521000000.0
009 20260310102051.541
037 |a Acervo ITESO - Biblioteca 
041 |a ESP 
082 |a 863.  |b REV 
100 |a Revueltas, José  |e (autor) 
240 1 4 |a [El apando] 
245 1 3 |a El apando /  |c J. Revueltas. 
264 4 |a México :  |b Era,  |c 1978, c1969 
300 |a 56 p. 
336 |a texto  |b txt  |2 rdacontenido 
337 |a sin mediación  |b n  |2 rdamedio 
338 |a volumen  |b nc  |2 rdasoporte 
440 1 |a (Obras Completas de José Revueltas ;  |v 7) 
520 |a José Revueltas (1914-1976) escritor y político mexicano nacido en Santiago Papasquiaro, Durango, hermano de Silvestre y Fermín. Militante en varias agrupaciones de la izquierda mexicana y participante en el movimiento estudiantil de 1968, fue miembro del Partido Comunista Mexicano (del que fue expulsado) y luego fundador del Partido Popular Socialista. Fue reportero y director de publicaciones de izquierda. Abordó sus desacuerdos con la burocracia política en las novelas Dios en la tierra (1944), Los días terrenales (1949), Los errores (1964), y en su obra de teatro El cuadrante de la soledad (1950); preso en varias ocasiones por sus actividades y/o ideales políticos, dejó testimonio de sus encarcelamientos en las novelas Los muros de agua (1941), en que narra su estancia en las islas Marías, y El apando (1969), sobre su paso por la penitenciaría Lecumberri tras el movimiento estudiantil de 1968. Otras novelas suyas son Los motivos de Caín, En algún valle de lágrimas y El luto humano, entre otras; es autor también ensayos sobre temas políticos y sociales, libros de cuentos y obras de teatro. 
585 |a Exposición DIA 2024-09 / Hilos del vestuario en el cine mexicano 
649 |a XX 
650 |a Novela Mexicana 
650 |a Literatura Mexicana -  |y Siglo XX 
650 |a Presos Políticos -  |z México 
650 |a Cárceles y Centros de Readaptación Social -  |z México (Ciudad) -  |x Historia -  |y 1946-2000 
650 |a Cárceles y Centros de Readaptación Social -  |z México (Ciudad) -  |x Historia -  |y Siglo XX 
650 |a Poder Judicial -  |z México 
650 |a Corrupción -  |z México 
650 |a Problemas Sociales -  |z México 
650 |a Revueltas, José 
910 |a Fondo General 
920 |a Impresos - Libros 
930 |a Colección General 
940 |a Literatura 
905 |a 101 
901 |a 0500124281  |b IT1  |c LIT  |u 20250521 
901 |a 0500126600  |b IT1  |c LIT  |u 20250521 
902 |a https://opac.biblio.iteso.mx/vufind/Record/000183771